书目信息 |
| 题名: |
《说文解字》今注
|
|
| 作者: | 苏宝荣 著 | |
| 分册: | ||
| 出版信息: | 西安 陕西人民出版社 2000 |
|
| 页数: | 643页 | |
| 开本: | 20cm | |
| 丛书名: | ||
| 单 册: | ||
| 中图分类: | H161 | |
| 科图分类: | ||
| 主题词: | 《说文》 | |
| 电子资源: | ||
| ISBN: | 7-224-05355-4 | |
| 000 | 00538nam0 2200193 45 | |
| 001 | 0312151002 | |
| 005 | 20031219104123.0 | |
| 010 | @a7-224-05355-4@b精装@dCNY42.00 | |
| 100 | @a20031215d2000 km y0chiy0120 ea | |
| 101 | 0 | @achi |
| 105 | @a z 000yy | |
| 200 | 1 | @a《说文解字》今注@A《Shuo Wen Jie Zi》Jin Zhu@f苏宝荣著@FSu Bao Rong Zhu |
| 210 | @a西安@c陕西人民出版社@d2000 | |
| 215 | @a643页@d20cm | |
| 606 | 0 | @a《说文》 |
| 690 | @aH161@v4 | |
| 701 | 0 | @a苏宝荣@4著 |
| 801 | @aCN@bTSTC@c20031215 | |
| 905 | @b329968-972@dH161@e131@f5 | |
| 《说文解字》今注/苏宝荣著.-西安:陕西人民出版社,2000 |
| 643页;20cm |
| ISBN 7-224-05355-4(精装):CNY42.00 |
| ● |
| 相关链接 |
|
|
|
|
正题名:《说文解字》今注
索取号:H161/131
 
预约/预借
| 序号 | 登录号 | 条形码 | 馆藏地/架位号 | 状态 | 备注 |
| 1 | 0329968 | 203299689 | 第四借阅区/ [索取号:H161/131] | 在馆 | |
| 2 | 0329969 | 203299698 | 第四借阅区/ [索取号:H161/131] | 在馆 | |
| 3 | 0329970 | 203299705 | 第四借阅区/ [索取号:H161/131] | 在馆 | |
| 4 | 0329971 | 203299714 | 密集书库/ [索取号:H161/131] | 在馆 | |
| 5 | 0329972 | 203299723 | 第二样本阅览室/ [索取号:H161/131] | 在馆 |